| 000 | 01061cam a2200337 4500 | ||
|---|---|---|---|
| 001 | ABS64127 | ||
| 008 | 000000n2001 000 0 eng u | ||
| 035 | _a(Sirsi) u113225 | ||
| 245 | 4 | _aThe Nordics | |
| 260 | _c2001 | ||
| 490 |
_aEuroProperty _vJune 2001, 41-50(7) |
||
| 520 | _aFeature on the commercial property markets of Denmark, Finland, Norway and Sweden. Includes articles investigating the impact of a decline in demand from the telecommunications, media and technology (TMT) sector and the Oresund road and rail crossing. Graphs, tables. | ||
| 590 | _aABS | ||
| 650 | _aCOPENHAGEN | ||
| 650 | _aDENMARK | ||
| 650 | _aFINLAND | ||
| 650 | _aHELSINKI | ||
| 650 | _aMALMO | ||
| 650 | _aNORDIC COUNTRIES | ||
| 650 | _aNORWAY | ||
| 650 | _aORESUND | ||
| 650 | _aORESUND LINK | ||
| 650 | _aOSLO | ||
| 650 | _aSCANDINAVIA | ||
| 650 | _aSTOCKHOLM | ||
| 650 | _aSWEDEN | ||
| 650 | _aTELECOMMUNICATIONS INDUSTRY | ||
| 650 | _aTELECOMS INDUSTRY | ||
| 690 | _aPROPERTY-COMMERCIAL PROPERTY-COMMERCIAL PROPERTY MARKET | ||
| 942 | _n0 | ||
| 999 |
_c67434 _d67434 |
||